[Event "Budapest-chT1 Lilienthal 1718"]
[Site "Budapest"]
[Date "2018.04.15"]
[Round "13"]
[White "Kertesz, Aron Borsa"]
[Black "Farkas, Otto Jr"]
[Result "1/2-1/2"]
[WhiteElo "1572"]
[BlackElo "1638"]
[PlyCount "124"]
[EventDate "2017.10.01"]
[EventType "team-tourn"]
[EventRounds "13"]
[EventCountry "HUN"]
[SourceTitle "EXT 2021"]
[Source "ChessBase"]
[SourceDate "2020.10.23"]
[SourceVersion "1"]
[SourceVersionDate "2020.10.23"]
[SourceQuality "1"]
[WhiteTeam "Budapest Ujpest KSE"]
[BlackTeam "Palota Sakk"]
[WhiteTeamCountry "HUN"]
[BlackTeamCountry "HUN"]

1. e4 Nf6 2. e5 Nd5 3. d4 d6 4. c4 Nb6 5. exd6 cxd6 6. Nc3 g6 7. Be3 Bg7 8. Rc1 0-0 9. b3 Bf5 10. Nf3 Bg4 11. Be2 Bxf3 12. Bxf3 Nc6 13. 0-0 e6 14. Qd2 d5 15. c5 Nc8 16. Rfd1 N8e7 17. a3 Nf5 18. Ne2 h5 19. g3 Na5 20. Rb1 b6 21. Rdc1 Nxe3 22. Qxe3 Rb8 23. h4 Qf6 24. cxb6 Rxb6 25. Rc7 Rfb8 26. b4 Nc4 27. Qd3 R6b7 28. Rxb7 Rxb7 29. Kg2 Qe7 30. Nf4 Rb6 31. Rb3 Qd7 32. Nh3 Qd8 33. Nf4 Qf6 34. Ne2 Kf8 35. Qc3 Ke8 36. Qd3 Kd7 37. Rc3 Rc6 38. Rb3 Qd8 39. Nf4 Qb6 40. Ne2 Nd6 41. a4 Nf5 42. a5 Qb7 43. b5 Rc4 44. Rb1 Qb8 45. b6 axb6 46. axb6 Bxd4 47. Qb3 Rc6 48. Nxd4 Nxd4 49. Qd3 Nxf3 50. Qxf3 f5 51. Qb3 Qb7 52. Qa4 d4 53. Kg1 e5 54. Qb3 Re6 55. Qa4+ Kd8 56. Qa7 Kc8 57. Rc1+ Rc6 58. Rxc6+ Qxc6 59. Qe7 d3 60. Qxe5 d2 61. b7+ Kxb7 62. Qb2+ Kc7 1/2-1/2

[Event "Budapest-chT1 Lilienthal 1718"]
[Site "Budapest"]
[Date "2017.11.12"]
[Round "3"]
[White "Toth, Peter3"]
[Black "Kertesz, Aron Borsa"]
[Result "0-1"]
[WhiteElo "1457"]
[BlackElo "1572"]
[PlyCount "78"]
[EventDate "2017.10.01"]
[EventType "team-tourn"]
[EventRounds "13"]
[EventCountry "HUN"]
[SourceTitle "EXT 2021"]
[Source "ChessBase"]
[SourceDate "2020.10.23"]
[SourceVersion "1"]
[SourceVersionDate "2020.10.23"]
[SourceQuality "1"]
[WhiteTeam "Siraly"]
[BlackTeam "Budapest Ujpest KSE"]
[WhiteTeamCountry "HUN"]
[BlackTeamCountry "HUN"]

1. c4 c6 2. g3 d5 3. e3 dxc4 4. Bxc4 Nf6 5. Nc3 Bg4 6. Qb3 e6 7. Qxb7 Nbd7 8. Qxc6 Rc8 9. Qa4 Be7 10. b3 0-0 11. Ba3 Bxa3 12. Qxa3 Ne5 13. Be2 Rxc3 14. dxc3 Bxe2 15. Nxe2 Qd5 16. e4 Qxe4 17. 0-0-0 Qxe2 18. Qd6 Nd5 19. c4 Nxc4 20. bxc4 Qxc4+ 21. Kd2 Qxa2+ 22. Ke1 Qc4 23. Qe5 Rc8 24. Qd4 Qc2 25. Kf1 Qc6 26. Ke1 a5 27. Rf1 a4 28. f4 Qc3+ 29. Qxc3 Rxc3 30. f5 a3 31. fxe6 fxe6 32. Rf2 g6 33. Ra1 e5 34. Rfa2 Nb4 35. Kd2 Nxa2 36. Rxa2 Rb3 37. Kc1 Kg7 38. Rf2 e4 39. Rf4 a2 0-1

[Event "Budapest Gyorgy Memorial 2nd"]
[Site "Budapest"]
[Date "2017.10.15"]
[Round "6.3"]
[White "Kertesz, Aron Borsa"]
[Black "Dumitru, Matei Ioan"]
[Result "1/2-1/2"]
[WhiteElo "1572"]
[BlackElo "2111"]
[PlyCount "112"]
[EventDate "2017.10.12"]
[EventType "swiss"]
[EventRounds "7"]
[EventCountry "HUN"]
[SourceTitle "EXT 2019"]
[Source "ChessBase"]
[SourceDate "2018.10.10"]
[SourceVersion "1"]
[SourceVersionDate "2018.10.10"]
[SourceQuality "1"]

1. e4 e5 2. Nf3 Nc6 3. Nc3 Nf6 4. d4 exd4 5. Nxd4 Bb4 6. Nxc6 bxc6 7. Bd3 0-0 8. 0-0 d5 9. exd5 cxd5 10. h3 Be6 11. Qf3 Be7 12. Re1 Rb8 13. b3 c6 14. Bf4 Bd6 15. Bg5 Bb4 16. Bd2 Qa5 17. a3 Bd6 18. Nb5 Qxd2 19. Nxd6 Rfd8 20. Nf5 Bxf5 21. Qxf5 Re8 22. Red1 Qc3 23. Qf3 Qe5 24. Rab1 Re7 25. Rd2 Qd6 26. Re2 Qxa3 27. Rbe1 Rbe8 28. c4 Rxe2 29. Rxe2 Rxe2 30. Qxe2 Qxb3 31. cxd5 cxd5 32. Qf3 Qb6 33. Qf5 g6 34. Qe5 a5 35. g4 Qe6 36. Qb8+ Kg7 37. g5 Nd7 38. Qc7 a4 39. Bb5 Qe1+ 40. Kg2 Qe4+ 41. f3 Qe5 42. Qxe5+ Nxe5 43. Bxa4 Nd3 44. Kg3 Kf8 45. Bb3 d4 46. f4 Ke7 47. Kf3 Nc5 48. Bc4 Ne6 49. Ke4 f6 50. gxf6+ Kxf6 51. Bxe6 Kxe6 52. Kxd4 Kf5 53. Ke3 h6 54. Kf3 Kf6 55. Kg4 Ke6 56. Kg3 Kf5 1/2-1/2

[Event "Budapest Gyorgy Memorial 2nd"]
[Site "Budapest"]
[Date "2017.10.13"]
[Round "3.4"]
[White "Kertesz, Aron Borsa"]
[Black "Galuszka, Tomasz"]
[Result "0-1"]
[WhiteElo "1572"]
[BlackElo "1934"]
[PlyCount "86"]
[EventDate "2017.10.12"]
[EventType "swiss"]
[EventRounds "7"]
[EventCountry "HUN"]
[SourceTitle "EXT 2019"]
[Source "ChessBase"]
[SourceDate "2018.10.10"]
[SourceVersion "1"]
[SourceVersionDate "2018.10.10"]
[SourceQuality "1"]

1. e4 d5 2. exd5 Nf6 3. d4 Nxd5 4. c4 Nf6 5. Nc3 Bf5 6. Be3 e6 7. Nf3 Be7 8. Qb3 Qc8 9. Be2 0-0 10. 0-0 c5 11. dxc5 Nbd7 12. c6 bxc6 13. Qa4 Nc5 14. Bxc5 Bxc5 15. Ne5 Rb8 16. Qxc6 Rxb2 17. Qf3 Bd4 18. Nd1 Rxe2 19. Qxe2 Bxa1 20. Nb2 Bxb2 21. Qxb2 Nd7 22. Nf3 Qxc4 23. Qb7 Qa4 24. Qc7 h6 25. h3 Be4 26. Ne5 Nxe5 27. Qxe5 Qc6 28. f3 Bd5 29. Qf4 Qc4 30. Qg3 Qxa2 31. Kh1 Rc8 32. Rg1 a5 33. Qe5 a4 34. Ra1 Qc4 35. Qd6 Qc6 36. Qb4 Bb3 37. Qe7 Qc5 38. Qd7 Qc3 39. Rxa4 Bxa4 40. Qxa4 Qe1+ 41. Kh2 Qe5+ 42. f4 Qc7 43. Qe4 g5 0-1

[Event "Budapest Gyorgy Memorial 2nd"]
[Site "Budapest"]
[Date "2017.10.12"]
[Round "1.4"]
[White "Palczert, Botond"]
[Black "Kertesz, Aron Borsa"]
[Result "1/2-1/2"]
[WhiteElo "1753"]
[BlackElo "1572"]
[PlyCount "73"]
[EventDate "2017.10.12"]
[EventType "swiss"]
[EventRounds "7"]
[EventCountry "HUN"]
[SourceTitle "EXT 2019"]
[Source "ChessBase"]
[SourceDate "2018.10.10"]
[SourceVersion "1"]
[SourceVersionDate "2018.10.10"]
[SourceQuality "1"]

1. d4 Nf6 2. Nc3 g6 3. e4 d6 4. f3 Bg7 5. Be3 0-0 6. Qd2 e5 7. d5 a5 8. g4 Bd7 9. Bh6 b5 10. h4 b4 11. Nce2 Qe7 12. Ng3 Na6 13. Bxa6 Rxa6 14. h5 Rb6 15. N1e2 a4 16. Bxg7 Kxg7 17. hxg6 fxg6 18. Qh6+ Kg8 19. Qg5 Nxd5 20. Qxe7 Nxe7 21. 0-0 Bb5 22. Rf2 c5 23. Rd1 Bc4 24. b3 axb3 25. axb3 Be6 26. Nf1 c4 27. bxc4 Bxc4 28. Neg3 d5 29. Ne3 b3 30. cxb3 Bxb3 31. Rb1 d4 32. Nc4 Rb5 33. Nxe5 Rxe5 34. Rxb3 Nc6 35. Rd3 Rc5 36. Kg2 Rd8 37. Rfd2 1/2-1/2

[Event "HUN-ch U10"]
[Site "Balatonlelle"]
[Date "2016.06.30"]
[Round "9"]
[White "Muranyi, Peter"]
[Black "Kertesz, Aron Borsa"]
[Result "1/2-1/2"]
[WhiteElo "1464"]
[BlackElo "1452"]
[PlyCount "43"]
[EventDate "2016.06.24"]
[EventType "swiss"]
[EventRounds "9"]
[EventCountry "HUN"]
[SourceTitle "CBM 173 Extra"]
[Source "ChessBase"]
[SourceDate "2016.08.29"]
[SourceVersion "1"]
[SourceVersionDate "2016.08.29"]
[SourceQuality "1"]

1. d4 d5 2. c4 c6 3. e3 Nf6 4. Bd3 e6 5. Nf3 Be7 6. Nbd2 Nbd7 7. 0-0 0-0 8. e4 dxe4 9. Nxe4 Nxe4 10. Bxe4 Nf6 11. Bc2 b6 12. Bg5 Bb7 13. Qd3 g6 14. Rad1 Re8 15. Rfe1 Bf8 16. d5 cxd5 17. Ba4 Bg7 18. Bxe8 Qxe8 19. cxd5 Nxd5 20. Qb3 a5 21. Nd4 Ba6 22. Qh3 1/2-1/2

[Event "HUN-chT2 Breyer 1516"]
[Site "Hungary"]
[Date "2016.02.28"]
[Round "8.12"]
[White "Grimm, Balazs"]
[Black "Kertesz, Aron Borsa"]
[Result "1-0"]
[WhiteElo "1478"]
[BlackElo "1468"]
[PlyCount "59"]
[EventDate "2015.09.13"]
[EventType "team-tourn"]
[EventRounds "11"]
[EventCountry "HUN"]
[SourceTitle "EXT 2017"]
[Source "ChessBase"]
[SourceDate "2016.10.25"]
[SourceVersion "1"]
[SourceVersionDate "2016.10.25"]
[SourceQuality "1"]
[WhiteTeam "TTC Sakk"]
[BlackTeam "Sarkany DSE"]
[WhiteTeamCountry "HUN"]
[BlackTeamCountry "HUN"]

1. e4 c6 2. d4 d5 3. Nc3 dxe4 4. Nxe4 Nd7 5. Nf3 Ngf6 6. Nxf6+ Nxf6 7. Bd3 e6 8. c3 Be7 9. Be3 0-0 10. Qc2 b5 11. Ng5 h6 12. h4 Qe8 13. 0-0-0 a5 14. Nh7 Nxh7 15. Bxh7+ Kh8 16. Bd3 f5 17. g4 b4 18. gxf5 exf5 19. Rdg1 bxc3 20. bxc3 Ba3+ 21. Kd1 Qf7 22. Bf4 Be6 23. Be5 Rg8 24. h5 Ra7 25. Rg6 Kh7 26. Rxe6 Rf8 27. Rg6 Qd5 28. Rhg1 Rff7 29. Bxf5 Qf3+ 30. Ke1 1-0